The battle for Spain : the Spanish Civil War, 1936-1939

Saved in:
Bibliographic Details
Main Author: Beevor, Antony, 1946-
Format: Book
Language:Greek
Published: England : Phoenix, c2006.
Subjects:
Tags: Add Tag
No Tags, Be the first to tag this record!

MARC

LEADER 00000cam a2200000 i 4500
001 1/74148
008 080211s2006 enk| ||| |||| ||gre||
020 |a 9780753821657 
035 |l 10094569 
040 |a GR-MyUA  |b gre  |e AACR2 
041 0 |a gre 
082 0 |a 946.081  |2 (22) 
100 1 |a Beevor, Antony,   |d 1946- 
245 1 4 |a The battle for Spain :   |b the Spanish Civil War, 1936-1939 /   |c Antony Beevor.  
260 |a England :   |b Phoenix,   |c c2006.  
300 |a 586 σ. ;   |c 22 εκ.  
504 |a Περιλαμβάνει βιβλιογραφίες και ευρετήριο.  
651 0 |a Spain  |x History  |y Civil War, 1936-1939. 
767 0 8 |i Μεταφρασμένο ως:   |t Ο ισπανικός εμφύλιος πόλεμος 1936-1939 /  
852 |a INST  |b RHODES  |e 20080211  |h 946.081 BEE  |p 005400029934  |q 005400029934  |t BK  |y 0 
901 |a BIBL4-2008-1 
909 |a Ρ  |b 144799 
922 |a 4ΕΛΗ  |b 200801  |c ΕΠΕΑΕΚ2/ΤΕΠΑΕΣ  |d ΕΛΕΥΘΕΡΟΥΔΑΚΗΣ 
970 |a ΜΙΣΣΟΣ  |b ΣΤΑΥΡΟΣ  |z 2008/02/11